| 000 | 01195nam a2200301 a 4500 | ||
|---|---|---|---|
| 001 | 000025161 | ||
| 005 | 20240517193337.0 | ||
| 008 | 110210s1966 ag a r 000 0 spa d | ||
| 040 |
_aDO-SdBNP _bspa _cBNPHU |
||
| 041 | 1 | 7 |
_aspa _heng _2Código de idiomas MARC |
| 082 |
_a636.2 _bB421e |
||
| 100 | 1 |
_aBonsma, Jan C. _951612 |
|
| 240 | 1 | 0 |
_aWortham lectures in animal science. _lEspañol |
| 245 | 1 | 0 |
_aEstudios sobre selección del ganado / _cJan C. Bonsma ;versión castellana por Aníbal Durán del Campo, prólogo, Luis Carlos Pinheiro Machado. |
| 260 |
_aBuenos Aires, (Argentina) : _bEditorial Hemisferio Sur ;, _c1966. |
||
| 300 |
_a131 p. : _bil. ; _c20 cm. |
||
| 490 | 1 | _aWortham | |
| 534 |
_aTítulo del original en inglés : _tWortham lectures in animal science |
||
| 650 | 4 |
_aGanado _951613 |
|
| 650 | 0 |
_aGanedería _92464 |
|
| 650 | 4 |
_aCria de ganado vacuno _92466 |
|
| 650 | 4 |
_aReproducción de ganado vacuno _951614 |
|
| 700 | 1 |
_aDurán del Campo, Aníbal, _etr. _951615 |
|
| 700 | 1 |
_aPinheiro Machado, Luis Carlos, _epról. _951616 |
|
| 710 | 2 |
_aCentro Regional de Ayuda Técnica. Agencia para el Desarrollo Internacional _951617 |
|
| 830 | 0 |
_aWortham _951618 |
|
| 049 | _aBNGR | ||
| 999 |
_c24654 _d24654 |
||